000 00292 a2200121 4500
005 20260316142235.0
020 _a9788119415601
100 _aBHANDARI, M.K.
245 _aLAW RELATING TO INTELLECTUAL PROPERTY RIGHTS
250 _a7th
260 _bCENTRAL LAW, PRAYAGRAJ
_c2024
942 _cBK
999 _c224089
_d224089